Kemp v Fisher and others (Record no. 82219)
[ view plain ]
| 000 -LEADER | |
|---|---|
| fixed length control field | 01342cab a22002175a 4500 |
| 001 - CONTROL NUMBER | |
| control field | L149592 |
| 008 - FIXED-LENGTH DATA ELEMENTS--GENERAL INFORMATION | |
| fixed length control field | 100323s20100313xxk 000 0 eng d |
| 035 ## - SYSTEM CONTROL NUMBER | |
| System control number | (Sirsi) u149592 |
| 041 0# - LANGUAGE CODE | |
| Language code of text/sound track or separate title | eng |
| 245 00 - TITLE STATEMENT | |
| Title | Kemp v Fisher and others |
| 260 ## - PUBLICATION, DISTRIBUTION, ETC. | |
| Date of publication, distribution, etc. | 2010 |
| 490 ## - SERIES STATEMENT | |
| Series statement | Estates Gazette |
| Volume/sequential designation | (1010) 13 March 2010, 118-125(8) |
| 520 ## - SUMMARY, ETC. | |
| Summary, etc. | [2009] EWHC 3657 (CH) 24 November 2009. Claimant tenant K held a tenancy of an agricultural holding to which Agricultural Holdings Act 1986 Part IV applied. Consensual successions by grant of new tenancy to different family members in 1972 and 1998. Defendants F contended that the statutory succession provisions of the 1986 Act no longer applied to the tenancy since the maximum of two successions permitted had already been made under s37(1) and (2). K's claim allowed on the grounds that pre 1976 tenancies predated the statutory provisions of the statutory succession scheme introduced by the Agriculture (Miscellaneous Provisons) Act 1976 and the creation of the Agricultural Land Tribunal. |
| 590 ## - LOCAL NOTE (RLIN) | |
| Local note | KA |
| 650 24 - SUBJECT ADDED ENTRY--TOPICAL TERM | |
| Topical term or geographic name entry element | KEMP V FISHER AND ANOTHER |
| 650 24 - SUBJECT ADDED ENTRY--TOPICAL TERM | |
| Topical term or geographic name entry element | AGRICULTURAL HOLDINGS ACT 1986 |
| 650 24 - SUBJECT ADDED ENTRY--TOPICAL TERM | |
| Topical term or geographic name entry element | AGRICULTURE (MISCELLANEOUS PROVISIONS) ACT 1976 |
| 651 #4 - SUBJECT ADDED ENTRY--GEOGRAPHIC NAME | |
| Geographic name | ENGLAND AND WALES |
| 690 ## - LOCAL SUBJECT ADDED ENTRY--TOPICAL TERM (OCLC, RLIN) | |
| Topical term or geographic name as entry element | PROPERTY-LEASEHOLD PROPERTY-LANDLORD AND TENANT-TENANCIES-AGRICULTURAL TENANCIES |
| 942 ## - ADDED ENTRY ELEMENTS (KOHA) | |
| Suppress in OPAC | 0 |
| Withdrawn status | Lost status | Source of classification or shelving scheme | Damaged status | Not for loan | Home library | Current library | Shelving location | Date acquired | Total Checkouts | Full call number | Barcode | Date last seen | Copy number | Price effective from | Koha item type |
|---|---|---|---|---|---|---|---|---|---|---|---|---|---|---|---|
| Dewey Decimal Classification | London | London | Journal article | 23/03/2010 | L149592 | 149592-1001 | 06/08/2019 | 1 | 06/08/2019 | Law report |